Statistics for UK Tourist Attractions - Name The Location

Click here to take the quiz!

General Stats

  • This quiz has been taken 129 times
    (128 since last reset)
  • The average score is 14 of 27

Answer Stats

AttractionLocation% Correct
Buckingham PalaceLondon
100%
Old TraffordManchester
94%
The Beatles StoryLiverpool
93%
The Roman BathsBath
85%
National Museum of ScotlandEdinburgh
84%
Celtic ParkGlasgow
82%
Wales Millennium CentreCardiff
81%
National Railway MuseumYork
71%
Cadbury WorldBirmingham
70%
SS Great BritainBristol
58%
LegolandWindsor
58%
Alton TowersAlton, near Stoke-on-Trent
56%
Beamish, the Living MuseumStanley, near Newcastle
53%
National Marine AquariumPlymouth
49%
Ness IslandsInverness
46%
Tropical WorldLeeds
45%
Solent SkySouthampton
45%
SS NomadicBelfast
39%
Brontë Parsonage MuseumBradford
38%
Wollaton HallNottingham
30%
St Machar's CathedralAberdeen
29%
Eden ProjectBodelva, near Par & St. Austell
28%
St. Catherine's IslandTenby
17%
Pontcysyllte AqueductWrexham
17%
Oakwood Theme ParkNarbeth, near Pembroke
15%
The Grand PierWeston-Super-Mare
15%
Castell RhuddlanRhyl
13%

Score Distribution

Percentile by Number Answered

Percent of People with Each Score

Your Score History

You have not taken this quiz since the last reset